Prácticas de producción y plantación de 19 especies aptas para recuperación de suelos en el piso montano bajo. (Registro nro. 18927)

Detalles MARC
000 -CABECERA
Campo de control 00818nam a22002297a 4500
005 - FECHA Y HORA DE LA ULTIMA TRANSACCION
Campo de control 20180803170322.0
008 - ELEMENTOS DE LONGITUD FIJA—INFORMACION GENERAL
Campo de control 160728b1991 ck ||||| |||| 00| 0 spa d
040 ## - FUENTE DE CATALOGACIÓN
Agencia catalogadora original CO-BoIAVH
Agencia transcriptora CO-BoIAVH
041 ## - IDIOMA
Código de idioma para texto/pista de sonido o título separado Español
044 ## - PAÍS DE PUBLICACIÓN
País de publicación Colombia
082 14 - NUMERO DE CLASIFICACION DECIMAL DEWEY
Número de clasificación 633.304
Número del ítem H56p
100 1# - ASIENTO PRINCIPAL--NOMBRE PERSONAL
Nombre personal Herrera Leon, Jairo
Término relacionado autor
9 (RLIN) 8742
245 10 - MENCION DE TITULO
Título Prácticas de producción y plantación de 19 especies aptas para recuperación de suelos en el piso montano bajo.
Parte restante del título Jairo Herrera León
260 ## - PUBLICACION, DISTRIBUCION, ETC. (PIE DE IMPRENTA)
Lugar de publicación, distribución, etc. Bogotá:
Nombre del editor, distribuidor, etc. Inderena,
Fecha de publicación, distribución, etc. 1991.
300 ## - DESCRIPCION FISICA
Extensión 48 páginas
490 ## - MENCION DE SERIE
Mención de serie Investigaciones forestales
Designación numérica/secuencial del volumen 41
500 ## - NOTA GENERAL
Nota general División de Fomento, Estación forestal La Florida
650 10 - ASIENTO SECUNDARIO DE MATERIA - TERMINO TEMATICO
Término temático o nombre geográfico como elemento de entrada Plantas
Subdivisión general practicas de produccion
9 (RLIN) 73637
650 #0 - ASIENTO SECUNDARIO DE MATERIA - TERMINO TEMATICO
Término temático o nombre geográfico como elemento de entrada Especies vegetales
Subdivisión general plantacion
9 (RLIN) 73638
650 #0 - ASIENTO SECUNDARIO DE MATERIA - TERMINO TEMATICO
Término temático o nombre geográfico como elemento de entrada Recuperación de suelos
9 (RLIN) 92438
942 ## - ELEMENTOS ADICIONALES (KOHA)
Sistema de clasificación Dewey Decimal Classification
Tipo de ítem Folleto
Existencias
Withdrawn status Lost status Sistema de Clasificación Damaged status No para préstamo Colección Inventariado Ubicación Permanente Ubicación actual Fecha de adquisición Total Checkouts Número topográfico Inventario / Código de Barras Date last seen Ejemplar Price effective from Forma de adquisición Tipo de material
    Dewey Decimal Classification     General Inventariado 2017 Bogotá Bogotá 28/07/2016   LB-633.304 H56p 000985 28/07/2016 Ej. 1 28/07/2016 Donación Folleto
    Dewey Decimal Classification     General Inventariado 2017 Sala Fabio Quevedo Sala Fabio Quevedo 28/07/2016   LB-633.304 H56p 034215 28/07/2016 Ej. 2 28/07/2016 Donación Folleto